000 00317nam a22001457a 4500
008 230719b ||||| |||| 00| 0 eng d
020 _a97805175568
041 _aeng
080 _a521
082 _a521COO
100 _a18
101 _aASTRO
245 _aTHE LIFE & DEATH OF STARS
_cCOOKE A D
942 _2udc
_cBK
999 _c60166
_d60166